[Event "Dumaguete City Olendo Cup"]
[Site "Dumaguete City"]
[Date "2022.10.30"]
[Round "9"]
[White "Montoyo, Ted Ian"]
[Black "Alcala, Alvin"]
[Result "1/2-1/2"]
[WhiteElo "2277"]
[BlackElo "2117"]
[PlyCount "102"]
[EventDate "2022.10.28"]
[EventType "tourn"]
[EventRounds "9"]
[EventCountry "PHI"]
[SourceTitle "EXT 2024"]
[Source "ChessBase"]
[SourceDate "2023.10.10"]
[SourceVersion "1"]
[SourceVersionDate "2023.10.10"]
[SourceQuality "1"]

1. e4 d6 2. d4 g6 3. h3 Bg7 4. Nf3 c6 5. Bd3 Nf6 6. 0-0 0-0 7. e5 dxe5 8. dxe5 Nd5 9. a3 b5 10. Qe2 Nd7 11. c4 bxc4 12. Bxc4 N7b6 13. Bd3 a5 14. Rd1 a4 15. Nc3 Nxc3 16. bxc3 Qc7 17. c4 Nd7 18. Bf4 Nc5 19. Bc2 Rb8 20. Rab1 Be6 21. Rb4 Qa5 22. Rdb1 Rbd8 23. Qe3 Nb3 24. Bxb3 axb3 25. R1xb3 Rd1+ 26. Kh2 Rfd8 27. Ng5 Bf5 28. Rb8 h6 29. Rxd8+ Qxd8 30. Nf3 g5 31. Bg3 Kh7 32. Qb6 Qd7 33. Qe3 e6 34. a4 Bf8 35. a5 Ra1 36. Qd4 Qxd4 37. Nxd4 Rxa5 38. Rb8 Bg7 39. Rc8 Bd3 40. Nxc6 Rc5 41. Ne7 Rxc4 42. Rxc4 Bxc4 43. Nc8 Kg6 44. Ne7+ Kh7 45. Nc8 Ba6 46. Nd6 Kg6 47. Kg1 Bf8 48. f4 f5 49. exf6 Bxd6 50. f5+ Kxf5 51. Bxd6 Kxf6 1/2-1/2

[Event "Bacolod Negros op"]
[Site "Bacolod"]
[Date "2017.10.19"]
[Round "9"]
[White "Nguyen, Duc Hoa"]
[Black "Montoyo, Ted Ian"]
[Result "1-0"]
[WhiteElo "2499"]
[BlackElo "2297"]
[PlyCount "111"]
[EventDate "2017.10.11"]
[EventType "swiss"]
[EventRounds "9"]
[EventCountry "PHI"]
[SourceTitle "CBM 181 Extra"]
[Source "ChessBase"]
[SourceDate "2017.12.12"]
[SourceVersion "1"]
[SourceVersionDate "2017.12.12"]
[SourceQuality "1"]

1. e4 d6 2. d4 c6 3. Nf3 Bg4 4. h3 Bh5 5. Nc3 Nd7 6. Be2 Qc7 7. 0-0 e5 8. Be3 Be7 9. Re1 Rd8 10. a4 a5 11. Rb1 h6 12. Qd2 Ngf6 13. Nh4 Bxe2 14. Qxe2 g6 15. Qd2 Nh5 16. Nf3 g5 17. Qd1 Nf4 18. Ne2 Nxe2+ 19. Qxe2 Nf8 20. b4 axb4 21. Rxb4 c5 22. dxc5 dxc5 23. Qb5+ Rd7 24. Rb3 Ne6 25. Rd3 Nd4 26. Bxd4 exd4 27. c3 0-0 28. cxd4 cxd4 29. Rxd4 Rxd4 30. Nxd4 Ra8 31. Nf5 Bf8 32. g3 Ra5 33. Qe8 Ra6 34. Rd1 Re6 35. Qa8 Ra6 36. Qd8 Qxd8 37. Rxd8 Rxa4 38. Nxh6+ Kg7 39. Nf5+ Kg8 40. f3 b5 41. Rb8 b4 42. h4 gxh4 43. gxh4 f6 44. Kg2 Kf7 45. Kg3 Ra1 46. Kf4 Rh1 47. Rb6 Bc5 48. Rb7+ Kg8 49. Nh6+ Kf8 50. Kg4 Ke8 51. Kf5 Rh3 52. f4 Rxh4 53. Ng8 Bd4 54. Ke6 Kf8 55. Ne7 Rh3 56. Nf5 1-0

[Event "Bacolod Negros op"]
[Site "Bacolod"]
[Date "2017.10.16"]
[Round "5"]
[White "San Diego, Marie Antoinette"]
[Black "Montoyo, Ted Ian"]
[Result "1/2-1/2"]
[WhiteElo "2032"]
[BlackElo "2297"]
[PlyCount "91"]
[EventDate "2017.10.11"]
[EventType "swiss"]
[EventRounds "9"]
[EventCountry "PHI"]
[SourceTitle "CBM 181 Extra"]
[Source "ChessBase"]
[SourceDate "2017.12.12"]
[SourceVersion "1"]
[SourceVersionDate "2017.12.12"]
[SourceQuality "1"]

1. d4 Nf6 2. c4 c5 3. d5 b5 4. Qc2 d6 5. e4 g6 6. Nf3 Bg7 7. Nc3 bxc4 8. Bxc4 0-0 9. 0-0 Ba6 10. Nd2 Ng4 11. Bxa6 Nxa6 12. Nc4 Ne5 13. Nxe5 Bxe5 14. Qe2 Qb6 15. Bd2 Rab8 16. Rab1 Nb4 17. b3 Qa6 18. Qxa6 Nxa6 19. Ne2 Nb4 20. Bc3 Bxc3 21. Nxc3 Rfc8 22. f3 c4 23. bxc4 Rxc4 24. a3 Na6 25. Nb5 Ra8 26. Rfc1 Rxc1+ 27. Rxc1 Nc5 28. Rc2 a6 29. Nd4 Rb8 30. Kf2 Kf8 31. Ke3 Rb1 32. g4 Rd1 33. Rc3 Ke8 34. Nb3 Na4 35. Rc6 Rb1 36. Nd2 Re1+ 37. Kf2 Rd1 38. Ke2 Ra1 39. Rxa6 Rxa3 40. Ra8+ Kd7 41. Ra7+ Kd8 42. Ra8+ Kd7 43. Ra7+ Kd8 44. Ra8+ Kc7 45. Ra7+ Kd8 46. Ra8+ 1/2-1/2

[Event "Bacolod Negros op"]
[Site "Bacolod"]
[Date "2017.10.13"]
[Round "3"]
[White "Narayanan, Srinath"]
[Black "Montoyo, Ted Ian"]
[Result "1-0"]
[WhiteElo "2511"]
[BlackElo "2297"]
[PlyCount "95"]
[EventDate "2017.10.11"]
[EventType "swiss"]
[EventRounds "9"]
[EventCountry "PHI"]
[SourceTitle "CBM 181 Extra"]
[Source "ChessBase"]
[SourceDate "2017.12.12"]
[SourceVersion "1"]
[SourceVersionDate "2017.12.12"]
[SourceQuality "1"]

1. e4 d6 2. d4 c6 3. Nc3 e5 4. Nf3 Nd7 5. a4 a5 6. Bc4 Be7 7. dxe5 dxe5 8. Ng5 Nh6 9. Ne6 fxe6 10. Bxh6 Nb6 11. Qh5+ Kf8 12. Bxe6 Bxe6 13. Qxe5 Bf6 14. Qxe6 gxh6 15. e5 Bg7 16. Qf5+ Kg8 17. Qe6+ Kf8 18. Qf5+ Ke7 19. 0-0 Qd4 20. Rad1 Qc5 21. Qg4 Kf7 22. Rfe1 Rhe8 23. e6+ Kg8 24. Ne4 Qe7 25. Nd6 Red8 26. Nf5 Qf6 27. Rxd8+ Rxd8 28. e7 Re8 29. Qh5 Qg6 30. Qxg6 hxg6 31. Nd6 Rxe7 32. Rxe7 Bxb2 33. Nxb7 Nxa4 34. Re6 Nc3 35. Nxa5 c5 36. Rxg6+ Kf7 37. Rc6 Ba3 38. Nb3 Ke7 39. Nxc5 Ne2+ 40. Kf1 Nd4 41. Rc7+ Kd6 42. Na6 Nb5 43. Rh7 Bc1 44. Nb4 Bd2 45. Nd3 Kd5 46. Ke2 Bg5 47. f4 Nd4+ 48. Kd1 1-0